| Tag |
First Indicator |
Second Indicator |
Subfields |
| LEADER |
00000cam a2200000Ia 4500 |
| 001 |
in00002470013 |
| 005 |
20210727085301.0 |
| 006 |
m d |
| 007 |
cr cn||||||||| |
| 008 |
081017s2006 gw ag sb 101 0 eng d |
| 020 |
|
|
|a 3540340289
|
| 020 |
|
|
|a 9783540340287
|
| 035 |
|
|
|a (OCoLC)262692761
|
| 035 |
|
|
|a (OCoLC)ocn262692761
|
| 035 |
|
|
|a 3072893
|
| 037 |
|
|
|a 978-3-540-34027-0
|b Springer
|n http://www.springerlink.com
|
| 040 |
|
|
|a GW5XE
|b eng
|c GW5XE
|d UtOrBLW
|
| 049 |
|
|
|a TEFA
|
| 050 |
1 |
4 |
|a ML1380
|b .C645 2005eb
|
| 072 |
|
7 |
|a ML
|2 lcco
|
| 072 |
|
7 |
|a QA
|2 lcco
|
| 082 |
0 |
4 |
|a 780.285
|2 22
|
| 111 |
2 |
|
|a CMMR (Symposium)
|n (3rd :
|d 2005 :
|c Pisa, Italy)
|0 http://id.loc.gov/authorities/names/nb2013001414
|
| 245 |
1 |
0 |
|a Computer music modeling and retrieval :
|b third international symposium, CMMR 2005, Pisa, Italy, September 26-28, 2005 : revised papers /
|c Richard Kronland-Martinet, Thierry Voinier, Sølvi Ystad (eds.).
|
| 246 |
3 |
0 |
|a CMMR 2005
|
| 264 |
|
1 |
|a Berlin ;
|a New York :
|b Springer,
|c [2006]
|
| 264 |
|
4 |
|c ©2006
|
| 300 |
|
|
|a xi, 273 pages :
|b illustrations, music ;
|c 24 cm.
|
| 336 |
|
|
|a text
|b txt
|2 rdacontent
|
| 337 |
|
|
|a computer
|b c
|2 rdamedia
|
| 338 |
|
|
|a online resource
|b cr
|2 rdacarrier
|
| 490 |
1 |
|
|a Lecture notes in computer science,
|x 0302-9743 ;
|v 3902
|
| 500 |
|
|
|a Electronic resource.
|
| 504 |
|
|
|a Includes bibliographical references and index.
|
| 505 |
0 |
|
|a Sound synthesis -- Music perception and cognition -- Interactive music : interface, interaction -- Interactive music : gestures and sensors -- Interactive music : music composition -- Music retrieval : music performance -- Music retrieval : music analysis -- Music retrieval : music representation -- Interdisciplinarity and computer music.
|
| 533 |
|
|
|a Electronic reproduction.
|b New York :
|c Springer,
|d 2008.
|n Mode of access: World Wide Web.
|n System requirements: Web browser.
|n Title from title screen (viewed on Oct. 10, 2008).
|n Access may be restricted to users at subscribing institutions.
|
| 650 |
|
0 |
|a Computer music
|v Congresses.
|0 http://id.loc.gov/authorities/subjects/sh2009121217
|
| 650 |
|
0 |
|a Information storage and retrieval systems
|x Music
|v Congresses.
|
| 650 |
|
0 |
|a Musical analysis
|x Data processing
|v Congresses.
|
| 650 |
|
6 |
|a Musique par ordinateur
|v Congrès.
|
| 655 |
|
7 |
|a Electronic books.
|2 local
|
| 700 |
1 |
|
|a Kronland-Martinet, Richard.
|0 http://id.loc.gov/authorities/names/nb2006013450
|
| 700 |
1 |
|
|a Voinier, Thierry.
|0 http://id.loc.gov/authorities/names/nb2006013451
|
| 700 |
1 |
|
|a Ystad, Sølvi.
|0 http://id.loc.gov/authorities/names/nb2006013453
|
| 710 |
2 |
|
|a SpringerLink (Online service)
|0 http://id.loc.gov/authorities/names/no2005046756
|
| 776 |
1 |
|
|c Original
|z 3540340270
|z 9783540340270
|w (DLC) 2006925114
|w (OCoLC)69105424
|
| 830 |
|
0 |
|a Lecture notes in computer science.
|x 0302-9743 ;
|v 3902.
|0 http://id.loc.gov/authorities/names/n42015162
|
| 856 |
4 |
0 |
|u http://proxy.library.tamu.edu/login?url=https://dx.doi.org/10.1007/11751069
|z Connect to the full text of this electronic book
|t 0
|
| 856 |
4 |
2 |
|3 Publisher description
|u http://www.loc.gov/catdir/enhancements/fy0661/2006925114-d.html
|t 0
|
| 994 |
|
|
|a C0
|b TEF
|
| 999 |
|
|
|a MARS
|
| 999 |
f |
f |
|s 4b570a32-fce6-304d-a6d3-d50707d1692e
|i b46d6226-a1ea-3a3f-902b-196f187aca90
|t 0
|
| 952 |
f |
f |
|a Texas A&M University
|b College Station
|c Electronic Resources
|d Available Online
|t 0
|e ML1380 .C645 2005eb
|h Library of Congress classification
|
| 998 |
f |
f |
|a ML1380 .C645 2005eb
|t 0
|l Available Online
|